000
00287 a2200121 4500
001
63634
082
_a
629.1323 AND
090
_c
37632
_d
37632
100
_a
Anderson John D
245
_a
Fundamentals of Aerodynamics
_h
English
260
_a
NY
_b
McGraw-Hill
_c
1984
300
_a
536p
942
_a
NUST-CAE
_k
629.1323 AND
999
_c
298707
_d
298707